| 000 | 00683nam a22001817a 4500 | ||
|---|---|---|---|
| 003 | OSt | ||
| 005 | 20250814014030.0 | ||
| 008 | 240717b |||||||| |||| 00| 0 eng d | ||
| 020 | _a9715553079 | ||
| 040 |
_aDWCL-Main Lib. _cOC |
||
| 082 | _aFil. 158.3095 C853 2000 | ||
| 100 | _aedited by Rose Marie Clemeña-Salazar | ||
| 245 |
_aCounseling in Asia : _bintegrating cultural perspective / _cedited by Rose Marie Clemeña-Salazar |
||
| 260 |
_aCebu City, Philippines : _bAssociation of Psychological and educational counselors of Asia- Pacific (APECA), _cc2000. |
||
| 300 |
_avi, 143 pages : _billustrations ; _c24cm. |
||
| 650 | _a1. Counseling. | ||
| 942 |
_2ddc _cBK - FIL _kFil. _n0 |
||
| 999 |
_c2335 _d2335 |
||